000 00784nam a22002177a 4500
999 _c10174
_d10174
003 AR-CdUCM
008 190329b ||||| |||| 00| 0 spa d
020 _a978-683-0903-3
040 _aMUNICIPALIDAD PROVINCIAL DEL CUSCO
_cBIBLIOTECA MUNICIPAL DEL CUSCO
082 _aEP / 403
_bN29
100 _aNavarro Durán, Rosa
_925823
245 _aCien palabras /
260 _aEspaña :
_bEdebé,
_c2013.
300 _a96 páginas ;
_bIlustraciones.
_c23 cm.
505 _aContenido: Ejercicios sobre las cien palabras del pequeño diccionario -- Ejercicios sobre los textos y las palabras complementarias.
650 _aLibro infantil
_924758
650 _aEnseñanza
_91616
700 _aVillamuza, Noemí (ilustraciones)
_926872
942 _2ddc
_cLIBROS
945 _apjha
_d2019-05-14